LEADER 00782nam a2200181 i 4500 001 000000109185 003 CaOOAMICUS 005 20150219000000.0 008 150219s1807 it u000 u ita u 013 $a81865 026 $alase teb- ntde meno (3) 1807 (R) 040 $aSeMil$bita 245 10$aTome 1. 300 $aXVI, [1], XLVI, [1], 415 p., [1] carta di tav. ripieg. 773 0 $tRecherches sur l'ancienne constitution de l'ordre teutonique et sur ses usages comparés avec ceux des templiers... Par l'auteur de l'Histoire de l'Ordre teutonique. Tome 1 [-2].$dA Mergentheim : Chez Jean George Thomm, 1807.$g1$w()31452 850 $aSeMil 852 $aSeMil$W1$xVenegono$y1$m3D II 81 FA$j65197$B65197$CSeMilBibl$Z2$F72735 $8I 996 $6245$aTome 1$9(OLS)http://semarc/title/1447